00763 2200241 4500001002100000005001700021008004100038020001800079035002400097082001500121090002500136100001900161245014500180260003200325300003000357500003100387500001100418650003700429700001900466850001500485985000600500999001500506YOGYA-0209000003889920090227025420.0 ind  a0-07-144208-1 0010-020900000038899 a332.632283 a332.632283bCor ClR aCORDIER, James aThe Complete guide to option sellingbhow selling options can lead to stellar returns in bull and bear marketscJames Cordier, Michael Gross aNew YorkbMcGraw-Hillc2005 avii, 245 hlmbilusc24 cm aBibliografi : hlm. 235-237 aIndeks aSaham - Penjualan - Buku pedoman aGross, Michael aYOPDYOG[B] a1 a05B0012650